00438 a2200145 4500010001400000020002200014035001300036037001800049082001100067100002100078245005200099260005700151270006100208300002300269 aENG-85401 c50.00a8185378002 aEN-68934 bD.B.Act / Pub14a230.421 aNatarajan, A. R.1 aMeditationscby A. R. Natarajanbthe Ramana way aBangalorebRamana Maharshi Centre for Learningc2004 aPost office Road, Sanjay NagarbBangalorecKarnatakae94 a107 pc22 cm (Pbk)